Score 0/20 Timer 02:00
10 Plays Today
Clue 6-letter answer % Correct
5, 7 and 11, for examplePRIMES
80.3%
Dolly of country music famePARTON
80.1%
Base coat of paintPRIMER
79.5%
Egg containerCARTON
79.3%
Violations of the lawCRIMES
77.5%
Sounds from a clockCHIMES
75.5%
Onion relative used for seasoningCHIVES
73.6%
Playful talkBANTER
68.7%
Actor Owen and author CusslerCLIVES
67.6%
'Paperback _____' (Beatles song)WRITER
66.6%
Clue 6-letter answer % Correct
Horse's gait faster than a trotCANTER
65.6%
1968 Best Picture winner with the song
'Food, Glorious Food!
OLIVER!
65%
Mount of ____ (Jerusalem site)OLIVES
64.6%
This person shares the soup du jourWAITER
63.7%
1970 Best Picture winner about a WWII US GeneralPATTON
62.4%
District in Switzerland or site of the
Pro Football Hall of Fame
CANTON
59.9%
Synagogue singerCANTOR
56.8%
One who lays a trapBAITER
56.2%
Three-part moleculeTRIMER
33.8%
More clich├ęd and staleTRITER
30.5%

Today's Daily Dose

Missing Word
2006 Movies (A-Z)

Quick Pick
'Street' Songs

Get the Picture
A Whole New World

You're not logged in!

Compare scores with friends on all Sporcle quizzes.
OR
Log In

Sporcle TV

Today on Sporcle TV


Watch our educational content, quiz creation guides, and fun videos on Sporcle TV.

Show Comments

Extras

Top Quizzes Today


Score Distribution

Paid Content

Your Account Isn't Verified!

In order to create a playlist on Sporcle, you need to verify the email address you used during registration. Go to your Sporcle Settings to finish the process.

Report this User

Report this user for behavior that violates our Community Guidelines.

Details: